000 00425nam a2200157 i 4500
001 bg
245 0 _aĆwiczenia laboratoryjne z chemii sanitarnej /
_cpod red. Haliny Sikorskiej-Tomickiej. Cz.2.
250 _aWyd.4.
260 _aBiałystok,
_c1989.
700 1 _aSikorska-Tomicka, Halina.
_eRed.
040 _cBPK
041 _apol
080 _a54(075.8)(076)
942 _cKS
008 s pl f |000 0 pol
999 _c4557
_d4557
856 _uhttp://koha.tu.koszalin.pl/cgi-bin/koha/opac-detail.pl?biblionumber=4557
_yKatalog online BPK